[Event "EU-ch 18th"]
[Site "Minsk"]
[Date "2017.06.10"]
[Round "11"]
[White "Bluebaum, Matthias"]
[Black "Naiditsch, Arkadij"]
[Result "1-0"]
[WhiteElo "2632"]
[BlackElo "2700"]
[Annotator "Mekhitarian,Krikor Sevag"]
[PlyCount "73"]
[EventDate "2017.05.30"]
[EventType "swiss"]
[EventRounds "11"]
[EventCountry "BLR"]
[SourceTitle "CBM 179"]
[Source "ChessBase"]
[SourceDate "2017.07.12"]
[SourceVersion "1"]
[SourceVersionDate "2017.07.12"]
[SourceQuality "1"]

1. d4 Nf6 2. c4 e6 3. Nc3 d5 4. cxd5 exd5 5. Bg5 c6 6. e3 Bf5 {Black does not want to allow the standard setup with d3-c2. On the other hand, now White can enter a slightly favourable endgame.} 7. Qf3 Bg6 8. Bxf6 Qxf6 9. Qxf6 gxf6 {This endgame was first played back in 1955 in the game Geller - Porreca.} 10. Nf3 (10. Kd2 Nd7 11. Bd3 {exchanging the bishops is also rather logical} O-O-O 12. Nge2 Rg8 13. Rhg1 Kb8 14. Rad1 Nb6 15. Ng3 Nc4+ 16. Kc2 Nd6 $11 {1-0 (34) Geller,E-Porreca,G Zagreb 1955, The Italian master played it correctly and achieved a fine position, the knight almost always belongs to this square in this variation.}) 10... Nd7 11. Nh4 Nb6 $6 (11... Be7 {is the most common move - f4 is stopped now, because f5 attacks the knight on h4} 12. Ne2 $1 {an important novelty (played by Carlsen against Kramnik) that has already found many followers} (12. f4 {doesn't look good now} f5 13. Nf3 {and Black is perfectly fine, the visually bad placed bishop on g6 may come into play on h5, and the f5-weakness is easily defended with the knight on d6:} Nb6 14. Bd3 Nc8 15. a3 a5 16. Na4 Nd6 $11 {0-1 (82) Ambartsumova,K (2301)-Pogonina,N (2508) Plovdiv 2014}) 12... Nb6 (12... f5 13. g3 $1 Nb6 (13... Bxh4 14. gxh4 $16 {½-½ (29) Moiseenko,A (2648)-Cyborowski,L (2524) Germany 2016, looks very good for White after f4.}) 14. Nf4 Nc8 15. Bd3 Nd6 16. b4 a6 17. Ke2 Ne4 18. a3 Kd7 19. Rhc1 Rhe8 20. Nhg2 Nd6 21. h4 $16 {1-0 (50) Bai,J (2586)-Sethuraman,S (2633) Chengdu 2017}) 13. Ng3 $1 Bb4+ 14. Kd1 Na4 15. Ngf5 $1 Kd7 16. Rb1 Ke6 17. Bd3 Rhc8 18. Ke2 $16 {1-0 (50) Carlsen,M (2851)-Kramnik,V (2801) Stavanger 2016, this game has amazing analysis by M. Marin.}) 12. f4 $1 {Simple and good, White wants to play f5. If Black plays ...f5 himself, he is not in time to bring the knight to d6.} ({RR} 12. Be2 Be7 13. g3 Nc4 14. Bxc4 dxc4 15. e4 b5 16. f3 h5 17. O-O-O Rd8 18. Ne2 Rg8 19. Nf4 f5 20. exf5 Bxh4 21. gxh4 Bxf5 22. Rhe1+ Kf8 23. Re5 Bd3 24. Nxd3 cxd3 25. Rxd3 Rg2 26. Rxh5 Rxh2 {Firouzja,A (2777)-Andreikin,D (2729) chess.com INT 2023 1-0 (45)}) ({RR} 12. O-O-O Nc8 13. Ne2 Nd6 14. Ng3 Ke7 15. Bd3 Ke6 16. Ne2 f5 17. Nf3 Ne4 18. Rdf1 Bd6 19. h4 h5 20. Ng5+ Nxg5 21. hxg5 h4 22. Nf4+ Kd7 23. Rh3 Be7 24. Rf3 Bxg5 25. Nh3 Be7 26. Bxf5+ Bxf5 {Vocaturo,D (2606)-Naiditsch,A (2702) Caleta 2017 ½-½ (94)}) 12... h5 $146 (12... f5 {has been played in some recent games, but Black also suffers} 13. Bd3 {[%csl Rf5]} Be7 (13... Nc4 14. Bxc4 dxc4 15. Kf2 c5 {looks logical to open up lines, but White has very good control of the centre, and the g6-bishop does not come into play easily} 16. Rhd1 Rc8 17. Rac1 Be7 18. Nf3 $1 Bh5 19. Nd5 b5 20. b3 $1 $16 {1-0 (48) Carlsen,M (2838)-Sharafiev,A (2433) chess.com INT 2017}) 14. Nxf5 Bb4 (14... Nc4 $1 {was the best chance} 15. Bxc4 Bxf5 $16 {but White simply holds on to the pawn and will slowly try to convert it}) 15. O-O-O Bxf5 16. Bxf5 Nc4 17. Bd3 $1 $16 {1-0 (30) Ju,W (2568)-Pham,L (2335) Abu Dhabi 2016 it is already very bad for Black.}) 13. Kf2 ({RR} 13. a3 a5 14. Kd2 a4 15. Re1 Kd7 16. Be2 f5 17. Bd3 Ke6 18. g3 Be7 19. h3 Nc8 20. Nxg6 fxg6 21. g4 Nd6 22. Reg1 Bf6 23. gxf5+ gxf5 24. Rg2 b5 25. Rhg1 Rhb8 26. Na2 Nc8 27. Be2 Ne7 {Berdayes Ason,D (2460)-Martinez Ramirez,L (2395) Oaxtepec MEX 2026 ½-½ (70)}) 13... Nc8 $146 {A standard regrouping to d6.} ({RR} 13... Kd7 14. Be2 Ke6 15. h3 f5 16. g4 hxg4 17. hxg4 Be7 18. g5 Rag8 19. Bd3 Nc8 20. Na4 Nb6 21. Nc5+ Bxc5 22. dxc5 Nc4 23. Bxc4 dxc4 24. Rac1 Rd8 25. Rxc4 Rd2+ 26. Kg3 Kd5 27. Rc3 b5 28. Rhc1 {Harutyunian,T (2542)-Moradiabadi,E (2552) Saint Louis 2019 1-0 (36)}) 14. f5 $1 Bh7 15. h3 $5 {White's plan is simple - to play against the bad bishop on h7. True, the dark-squared bishop gains life now on h6, but that's not enough.} Nd6 16. g4 Kd7 17. Bd3 Bh6 18. Ng2 $1 {[%csl Rh7] The knight has already done its job; now the plan is to reach the f4-square. It's hard to give good advice for Black.} Rae8 (18... a5 {is one of the typical plans, creating some play on the queenside. White probably will prepare e4, and will try to play an open position, making the absence of the h7-bishop more sensitive.} 19. e4 $5 dxe4 20. Nxe4 Nxe4+ 21. Bxe4 a4 22. Kf3 $16 {should be good for White, after f4, and bringing the rooks over to the centre.}) 19. Kf3 Re7 20. Nf4 Bg5 21. Rae1 {Preparing e4.} Rhe8 22. e4 $5 {Logical - White opens up the position and plays 'a piece up', since the h7-bishop only comes into play with a sacrifice on f5.} ({But there was a stronger option:} 22. Ncxd5 $1 cxd5 23. Nxd5 {[%csl Re7]} a6 24. Nxe7 Kxe7 25. Rh2 $18 {followed by c2 should be a win for White. At some point the central pawns will decisively advance.}) 22... hxg4+ 23. hxg4 Bxf5 $1 24. gxf5 Nxf5 25. Ng2 (25. Nfe2 $5 {defending d4 was possible, but also had drawbacks:} dxe4+ 26. Nxe4 Nh4+ $1 27. Rxh4 Bxh4 28. Rh1 Rh8 {White is still better, but Black survives} 29. Bc4 $16) 25... Bd2 $2 {This loses.} (25... Nxd4+ $1 26. Kf2 dxe4 27. Nxe4 $16 {would certainly offer drawing chances, with three pawns for the piece, and reduced material in the board.}) 26. exf5 $1 Rxe1 (26... Bxe1 27. Nxd5 $1 {this is probably what Black has missed.} cxd5 28. Bb5+ Kd6 29. Bxe8 $18 {with a hopeless position.}) 27. Nxe1 Rxe1 (27... Bxe1 {runs into the same trick:} 28. Nxd5 $18) 28. Rxe1 Bxe1 29. Ke3 $18 {With an easy win now.} a5 30. Na4 Kd6 31. Be2 Bg3 32. Nc5 $1 {Provoking weaknesses.} b6 33. Na4 b5 (33... Kc7 34. Bh5 $18) 34. Nc5 Ke7 35. a4 $1 {Fixing the a5-weakness.} b4 (35... bxa4 {would also mean a certain defeat} 36. Nxa4 $18 {[%csl Rc6]}) 36. Nb3 Bc7 37. Kf3 $18 {Followed by g4-h5-a6-b7, and White will win many pawns - Black has no counterplay.} 1-0

[Event "Sinquefield Cup 2nd"]
[Site "Saint Louis"]
[Date "2014.09.03"]
[Round "7"]
[White "Vachier Lagrave, Maxime"]
[Black "Caruana, Fabiano"]
[Result "0-1"]
[WhiteElo "2768"]
[BlackElo "2801"]
[Annotator "Krasenkow,Michal"]
[PlyCount "78"]
[EventDate "2014.08.27"]
[EventType "tourn"]
[EventRounds "10"]
[EventCountry "USA"]
[EventCategory "23"]
[SourceTitle "CBM 162"]
[Source "ChessBase"]
[SourceDate "2014.09.17"]
[SourceVersion "1"]
[SourceVersionDate "2014.09.17"]
[SourceQuality "1"]

1. d4 d5 2. c4 e6 3. Nc3 Be7 4. Bf4 Nf6 5. e3 O-O 6. Rc1 Nbd7 (6... c5 {is more popular here but the text move is quite good, too.}) ({RR} 6... c5 7. dxc5 dxc4 8. Bxc4 Qxd1+ 9. Kxd1 Bxc5 10. Nf3 Nc6 11. Ke2 Rd8 12. Rhd1 Bd7 13. Nb5 Bb6 14. Nd6 Na5 15. Bd3 Nd5 16. Ng5 f5 17. Ngf7 Rf8 18. Ne5 Rad8 19. Bg5 Ba4 20. Bxd8 Bxd1+ 21. Rxd1 {Firouzja,A (2760)-Yu Yangyi (2720) chess.com INT 2024 1-0 (34)}) ({RR} 6... b6 7. a3 dxc4 8. Bxc4 Bb7 9. Nf3 Nbd7 10. h3 c5 11. O-O cxd4 12. exd4 Rc8 13. Ba2 Ne4 14. Qd3 Nxc3 15. Rxc3 Rxc3 16. bxc3 Bxf3 17. Qxf3 Bxa3 18. Qb7 a5 19. Qc6 Qc8 20. Qb5 Qb7 21. c4 {Sonis,F (2561)-Atwell,R (2337) Saint Louis USA 2026 1-0 (36)}) 7. c5 $146 {Already an untested position on the board! However, this novelty is quite harmless.} (7. cxd5 exd5 8. Nb5 c6 9. Bc7 {doesn't work due to} Bb4+) (7. Nf3 {leads to the 4.f3, 5.f4 system with the harmless 7.c1.}) 7... Ne4 $146 (7... c6 {[%cal Yb7b6] is another option.}) ({RR} 7... c6 8. Bd3 b6 9. b4 a5 10. a3 axb4 11. axb4 bxc5 12. bxc5 e5 13. dxe5 Ne8 14. Nf3 Nxc5 15. Be2 Ba6 16. O-O Nc7 17. Nd4 Qd7 18. Bg3 N7e6 19. Nf5 Ng5 20. Bxa6 Qxf5 21. Be2 Qd7 22. Bg4 {Abdyjapar,A (2340)-Rohit,S (2212) Chennai IND 2023 1-0 (33)}) ({RR} 7... c6 8. Bd3 b6 9. b4 a5 10. a3 axb4 11. axb4 bxc5 12. bxc5 e5 13. dxe5 Ne8 14. Nf3 Nxc5 15. Be2 Ba6 16. O-O Nc7 17. Nd4 Qd7 18. Bg3 N7e6 19. Nf5 Ng5 20. Bxa6 Qxf5 21. Be2 Qd7 22. Bg4 {Abdyjapar,A (2340)-Rohit,S (2212) Chennai IND 2023 1-0 (33)}) 8. Bd3 f5 (8... Nxc3 9. Rxc3 e5 $5 {was apparently a simple way to get a good position:} 10. Bxe5 Nxe5 11. dxe5 b6 $1 12. cxb6 $140 Bb4) 9. Nf3 c6 {This position has already been seen in practice, with a transposition of moves.} (9... g5 $5 10. Bg3 f4 11. Nxe4 dxe4 12. Bxe4 fxg3 13. hxg3 Rf7 14. Qc2 Nf6 15. Bd3 Rg7 {[%cal Yb7b6] - White's compensation for the piece is under doubt.}) 10. Ne5 (10. h3 Bf6 11. O-O Qe8 12. Ne2 e5 13. dxe5 Nxe5 14. Nxe5 Bxe5 15. Bxe5 Qxe5 16. b4 Bd7 17. f4 Qe7 18. Bxe4 Qxe4 19. Qd2 Rfe8 20. Rf3 a5 $132 {1/2 (36) Kozul,Z (2624)-Lalic,B (2493) Bol na Bracu 2013}) (10. h4 $5) 10... Nxe5 11. Bxe5 Bf6 12. Bxf6 Qxf6 13. Ne2 e5 $1 {[%mdl 32] A typical advance "reviving" the c8-bishop. After the pawn exchange, despite White's control of the d4-square, he has no advantage.} 14. Qa4 $6 {A strange move. White wanted to recapture with his queen in case of ...e5xd4 but probably forgot about his kingside.} (14. O-O exd4 15. Nxd4 Re8 $11) 14... Qh4 (14... Qg6 $5 15. Bxe4 (15. O-O f4 $1 {[%cal Re4c5,Rf4f3]}) 15... fxe4 16. O-O Bg4 17. Rc2 (17. Ng3 h5) 17... exd4 18. Qxd4 Bxe2 19. Rxe2 Rf6 $36) 15. g3 $6 {[%csl Rf3] An unnecessary weakening.} (15. O-O $142 {with a possible draw after} Nd2 16. Rfd1 Ne4 17. Rf1) 15... Qg4 16. Rf1 (16. Qd1 {may be the lesser evil. Surprisingly, White holds his ground:} exd4 (16... f4 $5 17. gxf4 exf4 18. Nxf4 Rxf4 19. Qxg4 Rxg4 20. f3 Nxc5 21. Rxc5 Rg2 22. Rc2 Bh3 23. Rf2 $11) (16... Qf3 $5 17. Rf1 Qg2 18. dxe5 Qxh2 19. Nd4 Re8) 17. exd4 Qf3 (17... Re8 18. O-O Ng5 19. f4 Ne4 20. Kg2 {[%cal Ye2g1,Yg1f3]}) 18. O-O Ng5 19. Nf4 Qxd1 20. Rfxd1 Nf3+ 21. Kg2 Nxd4 22. Ba6 $1 bxa6 23. Rxd4 $44 {M.Notkin, M.Golubev}) 16... Ng5 17. Kd2 $2 (17. Ng1 $142 f4 $1 18. dxe5 fxg3 19. Qxg4 gxf2+ 20. Rxf2 Bxg4 21. Rg2 Nf3+ 22. Nxf3 Bxf3 23. Rf2 {M.Notkin} Rae8 24. Kd2 Be4 $1 $17 {[%csl Re5]} 25. Rxf8+ $140 Kxf8 26. Bxe4 dxe4 27. Rf1+ Kg8 28. Rf5 g6 29. Rg5 Kf7) 17... Nf3+ 18. Kc3 Nxh2 19. Rh1 Nf3 {White has lost a pawn without any compensation, and his king is still unsafe.} 20. Qa5 Qg5 21. dxe5 Qe7 22. Nd4 Nxe5 23. b3 $2 (23. Kd2 $17) 23... b6 $1 24. cxb6 c5 {White's king collapses.} 25. Nb5 Bb7 26. bxa7 d4+ 27. exd4 Nxd3 28. Kxd3 Bxh1 29. Rxc5 Qe4+ 30. Kc4 Qe2+ 31. Kb4 Qd2+ 32. Rc3 Bc6 33. a4 Bxb5 34. Kxb5 Qxd4 35. Rc7 Rfd8 36. Qb6 Rd5+ 37. Ka6 Rd6 38. a5 Qd3+ 39. Kb7 Qd5+ 0-1

[Event "Moscow FIDE GP"]
[Site "Moscow"]
[Date "2017.05.16"]
[Round "5"]
[White "Svidler, Peter"]
[Black "Radjabov, Teimour"]
[Result "1/2-1/2"]
[WhiteElo "2755"]
[BlackElo "2710"]
[Annotator "Krasenkow,Michal"]
[PlyCount "61"]
[EventDate "2017.05.12"]
[EventType "swiss"]
[EventRounds "9"]
[EventCountry "RUS"]
[SourceTitle "CBM 179"]
[Source "ChessBase"]
[SourceDate "2017.07.12"]
[SourceVersion "1"]
[SourceVersionDate "2017.07.12"]
[SourceQuality "1"]

1. c4 e6 2. Nc3 d5 3. d4 Nf6 4. cxd5 Nxd5 5. e4 Nxc3 6. bxc3 c5 7. Rb1 Be7 8. Nf3 (8. Bb5+ Bd7 9. Bxd7+ (9. Nf3 cxd4 10. cxd4 O-O 11. O-O Bxb5 12. Rxb5 Qc7 13. Qb3 b6 14. d5 exd5 15. Rxd5 Nd7 16. Bb2 Nc5 17. Qc3 Bf6 18. e5 Be7 $11 {0-1 (35) Shishkov,A (2365)-Kulaots,K (2572) Viljandi 2014}) {was met with a strong novelty:} 9... Nxd7 $1 (9... Qxd7 10. d5 exd5 11. exd5 O-O 12. Nf3 Bf6 13. O-O b5 {1/2 (48) Aronian,L (2785)-Vallejo Pons,F (2709) Sharjah 2017} 14. Be3 $5) 10. Rxb7 $6 {(otherwise Black has no problems but now White's rook gets into trouble, and he must sacrifice an exchange without getting enough compensation)} cxd4 11. cxd4 Nb6 12. Qd2 Qc8 13. Rxe7+ Kxe7 14. Nf3 f6 15. O-O Kf7 16. e5 f5 17. g4 Rd8 $15 {0-1 (60) Nepomniachtchi,I (2751)-Hou Yifan (2652) Moscow 2017}) 8... O-O (8... Nd7 9. Bd3 b6 10. Bf4 Bb7 11. O-O O-O 12. Qe2 Qc8 13. d5 $1 $14 {1-0 (24) Narciso Dublan,M (2528)-Mascaro March,P (2375) Barcelona 2012}) 9. Bc4 {[%cal Yd4d5]} (9. Bd3 cxd4 (9... Nc6 10. d5 $14 {1/2 (20) Vareille,F (2430)-Bricard,E (2455) Chambery 1994}) 10. cxd4 Nc6 11. O-O Nxd4 12. Nxd4 Qxd4 13. Bb2 Qd8 $13 {0-1 (27) Gonda,L (2507)-Kantorik,M (2288) Heviz 2008}) 9... Nc6 (9... cxd4 10. cxd4 Nc6 11. O-O b6 12. Bb2 Bb7 13. Qe2 Rc8 14. Rfd1 Na5 15. Bb5 Bf6 16. h3 Qc7 17. Ba3 Rfd8 18. Rbc1 Qf4 19. Rxc8 Rxc8 20. d5 $16 {1-0 (41) Vitiugov,N (2739)-Adly,A (2589) Tsaghkadzor 2015}) (9... Nd7 10. O-O Qc7 11. Qe2 b6 12. d5 exd5 13. Bxd5 Bb7 14. Bf4 $1 Qxf4 15. Bxb7 Rab8 16. Bc6 Qc7 17. Bd5 Bf6 18. c4 $14 {1-0 (20) Vitiugov,N (2700)-Miton,K (2626) Czechia 2013}) 10. O-O b6 (10... Qc7 11. Qe2 b6 12. Rd1 (12. d5 $5) 12... Na5 13. Bd3 Bb7 14. d5 c4 15. Bc2 e5 16. Be3 Bc8 17. h3 Rd8 18. Rf1 Bd7 19. Nd2 $14 {1/2 (41) Polugaevsky,L-Petrosian,T Soviet Union 1970}) 11. Bf4 {A logical move restricting the mobility of Black's queen.} (11. Be3 Bb7 (11... cxd4 $142 12. cxd4 Bb7) 12. dxc5 Na5 13. Bd3 Bxc5 (13... bxc5 {0-1 (40) Jochens,A (2274)-Levin,F (2503) Germany 2015} 14. Bf4 $1 $14 {[%csl Rd8]}) 14. Bxc5 bxc5 15. Qe2 Qc7 16. Qe3 $14) ({RR} 11. Be3 Bb7 12. Qe2 Na5 13. Bd3 Rc8 14. Rfd1 cxd4 15. cxd4 Qd6 16. Bd2 Qa3 17. Bc1 Qa4 18. Bb2 Nc4 19. Ba1 Bf6 20. h4 Rfe8 21. h5 Rc7 22. Rbc1 Rec8 23. Rc3 Nd2 24. Qxd2 Rxc3 25. Bxc3 Rxc3 {Virostko,P (2305)-Sramek,V (2177) Czech Republic CZE 2026 1-0 (41)}) ({RR} 11. d5 Na5 12. Bd3 c4 13. Bc2 exd5 14. exd5 Bg4 15. Re1 Bd6 16. Qd4 Bxf3 17. gxf3 f5 18. Re6 Qc7 19. Kh1 Nb7 20. Bh6 Bc5 21. d6 Nxd6 22. Qd5 Qb7 23. Rxd6+ {½-½ (23) Svidler,P (2765)-Wang,H (2709) Riadh 2017}) 11... Bb7 12. Re1 cxd4 13. cxd4 Nb4 $146 {A strange decision. Teimour Radjabov probably missed something here.} (13... Rc8 $142 {, and Black should equalise.}) ({RR} 13... Rc8 14. d5 Na5 15. Bd3 exd5 16. e5 Nc6 17. Bf5 Ra8 18. Qd2 Bc8 19. Bd3 Bg4 20. Ng5 Bxg5 21. Bxg5 Qd7 22. Qf4 Bh5 23. Bf5 Qe8 24. e6 f6 25. Bh4 g5 26. Bxg5 fxg5 27. Qxg5+ Bg6 28. Bxg6 {Putrenko,K (2318)-Konstantinov,N (2131) Sochi RUS 2025 0-1 (41)}) ({RR} 13... Rc8 14. d5 Na5 15. Bd3 exd5 16. e5 Nc6 17. Bf5 Ra8 18. Qd2 Bc8 19. Bd3 Bg4 20. Ng5 Bxg5 21. Bxg5 Qd7 22. Qf4 Bh5 23. Bf5 Qe8 24. e6 f6 25. Bh4 g5 26. Bxg5 fxg5 27. Qxg5+ Bg6 28. Bxg6 {Putrenko,K (2318)-Konstantinov,N (2131) Sochi 2025 0-1 (41)}) 14. Qd2 Nc6 {Sad necessity.} ({Perhaps Black planned} 14... Rc8 15. Rxb4 a5 16. Ra4 Bc6 17. Qd1 b5 {overlooking a strong counterblow:} 18. d5 $1 exd5 (18... bxa4 19. dxc6) (18... Be8 19. d6 Bh4 20. Bxb5 Bxb5 21. Ra3) 19. exd5 Bd7 20. d6 Bf6 21. Bxb5 Bxb5 22. Rae4 $16) 15. d5 Na5 16. Bb5 exd5 17. exd5 Bc5 (17... Bxd5 $2 18. Rxe7 Bxf3 19. Qxd8 Rfxd8 20. gxf3) (17... Bd6 $142 18. Rbd1 Qc7 $14) 18. Rbd1 $16 {[%csl Ra5,Gd5]} Bd6 {Simply losing a tempo but Black hardly had anything better.} 19. Ne5 (19. Ng5 $142 $5 {[%cal Yg5e4]}) 19... a6 20. Bf1 $6 {[%mdl 32] Too passive.} (20. Bd3 $142 Rc8 21. Qe2 (21. Qe3 $5 {[%cal Ye3h3]})) 20... Rc8 21. Nc6 {This leads to simplifications. However, most of White's advantage has already vanished.} (21. Qd4 $5) 21... Bxf4 22. Qxf4 Bxc6 23. dxc6 Qc7 24. Rd6 Nxc6 25. Rc1 (25. Bxa6 Rcd8 26. Red1 Na5 $14) 25... Qb8 26. Bxa6 Ne5 $1 {[%mdl 2112] This tactical trick enables Black to survive.} 27. Rcd1 Rc5 28. Qb4 {And White's queen takes a wrong way from an active position to a passive one.} (28. a4 $142 $14) 28... Nc6 29. Qb2 (29. Qf4 b5 $1 {[%csl Ra6]}) 29... Rd8 {Even simpler than} (29... b5 $5 30. R6d5 Rxd5 31. Rxd5 b4) {Black gets rid of White's active rook and solves his problems. With such a small number of pawns (and with queens on the board), the advantage of White's bishop over Black's knight is minimal.} 30. Rxd8+ Nxd8 31. Rb1 (31. Rb1 Ne6 32. g3 Rc6 $11) 1/2-1/2